| 000 | 00914cam a22002771 4500 | ||
|---|---|---|---|
| 001 | 30957 | ||
| 003 | BD-RjUL | ||
| 005 | 20211209051636.0 | ||
| 008 | 140412s1959 nyuch b 000 0 eng | ||
| 035 | _a(BD-RjUL)31044 | ||
| 035 | _a(OCoLC)479342 | ||
| 040 |
_aDLC _cOCU _dOCoLC _dBD-RjUL _dBD-RjUL _beng |
||
| 041 | _aeng | ||
| 082 |
_a192 _bPHI 1959 |
||
| 245 | 1 | 4 | _aThe philosophy of C. D. Broad / |
| 250 | _a1st ed. | ||
| 260 |
_aNew York, _bTudor Pub. Co. _c1959 |
||
| 300 |
_axii, 866 p. : _bport., facsim. ; _c24 cm. |
||
| 500 | _a"Bibliography of the writings of C. D. Broad to the end of July 1959, compiled by C. Lewy.": p. [831]-852. | ||
| 600 | 1 | 0 |
_aBroad, C. D. _q(Charlie Dunbar), _d1887-1971. _93662 |
| 700 |
_aSchilpp, Paul Arthur, _q1897-1993, _994073 |
||
| 942 |
_2ddc _cBK |
||
| 999 |
_c30957 _d30957 |
||